50 Famous Actors by Movie 3.0 - Statistics

General Stats
  • This quiz has been taken 113 times
    77 since last reset
  • The average score is 21 of 50
Answer Stats
Movie Year Actor % Correct
Iron Man 2008 Robert Downey Jr.
84%
Oppenheimer 2023 Cillian Murphy
82%
Black Adam 2022 Dwayne Johnson
75%
Happy Gilmore 1996 Adam Sandler
72%
Thor: Ragnarok 2017 Chris Hemsworth
72%
Guardians of the Galaxy 2014 Chris Pratt
72%
Ant-Man 2015 Paul Rudd
72%
Twilight 2008 Robert Pattinson
70%
Spider-Man 2002 Tobey Maguire
70%
The Fast and the Furious 2001 Paul Walker
64%
Creed 2015 Michael B. Jordan
63%
Black Panther 2018 Chadwick Boseman
61%
To Kill a Mockingbird 1962 Gregory Peck
61%
Dallas Buyers Club 2013 Matthew McConaughey
61%
300 2006 Gerard Butler
58%
Bad Boys 1995 Martin Lawrence
58%
The Imitation Game 2014 Benedict Cumberbatch
57%
Tropic Thunder 2008 Ben Stiller
52%
Airplane! 1980 Leslie Nielsen
52%
Rocky IV 1985 Dolph Lundgren
49%
Doctor Zhivago 1965 Omar Sharif
49%
Trainspotting 1996 Ewan McGregor
45%
The Town 2010 Ben Affleck
43%
Universal Soldier 1992 Jean-Claude Van Damme
42%
Dracula 1931 Bela Lugosi
37%
The Lighthouse 2019 Willem Dafoe
36%
The Buddy Holly Story 1978 Gary Busey
34%
Steve Jobs 2015 Michael Fassbender
34%
Under Siege 1992 Steven Seagal
34%
Munich 2005 Eric Bana
33%
Sideways 2004 Paul Giamatti
33%
The Hitcher 1986 Rutger Hauer
31%
Galaxy Quest 1999 Alan Rickman
30%
Untouchable 2011 Omar Sy
28%
The Constant Gardener 2005 Ralph Fiennes
28%
Hellboy 2004 Ron Perlman
28%
The Banshees of Inisherin 2002 Brendan Gleeson
27%
Charade 1963 Cary Grant
27%
Mandela: Long Walk to Freedom 2013 Idris Elba
27%
Men of Honour 2000 Cuba Gooding Jr.
22%
Hustle & Flow 2005 Terrence Howard
21%
The Homesman 2014 Tommy Lee Jones
21%
Locke 2013 Tom Hardy
19%
Ransom 1996 Gary Sinise
16%
La Dolce Vita 1960 Marcello Mastroianni
15%
The Seventh Seal 1957 Max von Sydow
15%
Downfall 2004 Bruno Ganz
12%
Melancholia 2011 Kiefer Sutherland
12%
Boiler Room 2000 Giovanni Ribisi
10%
Sonatine 1993 Takeshi Kitano
9%
No matching quizzes found
Score Distribution
Percent of People with Each Score
Percentile by Number Answered
Your Score History
You have not taken this quiz since the last reset